Statistics for The Story Lyrics - Conan Gray

Click here to take the quiz!

General Stats

  • This quiz has been taken 202 times
  • The average score is 277 of 319

Answer Stats

Answer% Correct
i
100%
I
100%
a
99%
the
99%
and
98%
boy
98%
girl
98%
you
98%
story
97%
about
96%
but
96%
it
96%
let
96%
me
96%
tell
96%
they
96%
we
96%
were
95%
end
93%
just
92%
afraid
91%
love
91%
to
91%
was
91%
world
91%
is
90%
so
89%
that
89%
work
89%
I'm
88%
its
88%
of
88%
on
88%
way
88%
friend
87%
works
87%
both
86%
knew
86%
mean
86%
more
86%
people
86%
when
86%
with
86%
kinda
85%
ain't
84%
always
84%
boring
84%
didn't
84%
now
84%
that's
84%
for
83%
moved
83%
short
83%
sixteen
83%
states
83%
sweet
83%
younger
83%
different
82%
funny
82%
my
82%
wished
82%
could
81%
Oh
81%
oh
81%
run
81%
they're
81%
bestfriends
80%
eachother
80%
head
80%
not
80%
parents
80%
what
80%
pretty
79%
themselves
79%
too
79%
away
78%
gone
78%
never
78%
say
78%
see
78%
bet
77%
wait
77%
one
76%
another
75%
evil
75%
headstones
75%
loved
75%
made
75%
think
75%
whirl
75%
discovered
74%
life
73%
our
73%
'cause
72%
if
72%
they'd
72%
lawn
71%
she's
71%
alright
70%
better
68%
have
68%
sequel
67%
wonder
67%
worked
66%
right
64%
saved
64%
in
63%
friends
62%
their
59%
because
57%
hope
57%
all
56%
happy
49%
get
48%
running
47%
movies
46%
lovers
42%
okay
25%
stroy
6%

Score Distribution

Percentile by Number Answered

Percent of People with Each Score

Your Score History

You have not taken this quiz